000 00487nam a2200181Ia 4500
003 OSt
005 20230602121307.0
008 210423s2004 xx 000 0 und d
040 _cAL
041 _aeng
082 _a370
_223
_b VENL
100 _aVENKATESH (T),Ed.
_9118939
245 _aLiteracy in karnataka: birds eye view.
260 _aMysore
_bResearch Unit on Women Studies
_c2004
365 _cINR
906 _abirds ; eye ; karnataka: ; Literacy ; view.
942 _2ddc
_cBK
999 _c174806
_d174806